| 000 | 01087nam2a22002531 4500 | ||
|---|---|---|---|
| 001 | rc\4047464 | ||
| 005 | 20250610232527.0 | ||
| 035 | _a(NLR Aleph) 007958216 | ||
| 090 |
_a8382718 _c8382718 |
||
| 100 | _a20130415d1950 |||y0rusy50 ca | ||
| 101 | 0 | _arus | |
| 102 | _aRU | ||
| 105 | _ay z ||||| | ||
| 200 | 1 | _aПитание детей от 1 года до 3 лет | |
| 205 | _a2-е изд., испр. | ||
| 210 |
_d1950 _aБ. м. |
||
| 423 | 0 |
_11010#$arus _12001#$aВитамины и их значение для детей _1700#1$aЦимблер$bИ.В. _tВитамины и их значение для детей _aЦимблер, И.В. |
|
| 461 | 0 |
_1001rc\4047455 _12001#$aЗаочные курсы для матерей$eЛекция 1-$vЛекция 8, 9 _98382664 _cМосква _d1949-1950 _nИн-т сан. просвещения _oЛекция 1- _tЗаочные курсы для матерей _vЛекция 8, 9 |
|
| 700 | 1 |
_aПолтева _bЮ.К. |
|
| 801 | 0 |
_aRU _bNLR _gpsbo |
|
| 801 | 1 |
_aRU _bELAR _2rusmarc |
|
| 852 |
_aNLR _jМд36 Г-4/83 |
||
| 942 | _cBOOK | ||
| 980 | _aNB | ||